| 000 | 00878nam a22002657a 4500 | ||
|---|---|---|---|
| 003 | OSt | ||
| 005 | 20260114151921.0 | ||
| 008 | 260114b |||||||| |||| 00| 0 eng d | ||
| 020 |
_a9783658395179 (Paperback) _cUSD 79.00 |
||
| 040 |
_aNUST _beng _cNUST _dNUST _erda |
||
| 050 | _aQC793 KAL | ||
| 100 |
_aKalz, Erik _eAuthor |
||
| 245 |
_aDiffusion under the Effect of Lorentz Force / _cErik Kalz. |
||
| 260 |
_aWiesbaden, Germany : _bSpringer Spektrum, _c©2022. |
||
| 300 |
_aix, 58 pages : _bIllustrations : _c21 cm. |
||
| 336 |
_2rdacontent _atext _btxt |
||
| 337 |
_2rdamedia _aunmediated _bn |
||
| 338 |
_2rdacarrier _avolume _bnc |
||
| 440 | _aBestMasters. | ||
| 504 | _aIncludes bibliographical references. | ||
| 650 | _aStatistical physics. | ||
| 650 | _aDiffusion (physics). | ||
| 650 | _aLorentz force. | ||
| 942 |
_2lcc _cBOOKS _hQC793 KAL _kQC _mKAL _n0 |
||
| 999 |
_c172562 _d172562 |
||